[Event "SEMI Orthodox Defence theme email"]
[Site "SEMI email"]
[Date "2000.02.20"]
[Round "?"]
[White "Kamaluddin, Yusof"]
[Black "Guidi, Marco"]
[Result "1/2-1/2"]
[WhiteElo "1979"]
[BlackElo "1000"]
[PlyCount "106"]
[EventDate "2000.02.20"]
[EventType "tourn (corr)"]
[EventRounds "9"]
[EventCountry "ITA"]
[SourceTitle "Corr 2008"]
[Source "ChessBase"]
[SourceDate "2008.06.24"]
[SourceVersion "1"]
[SourceVersionDate "2008.06.24"]
[SourceQuality "1"]

1. d4 d5 2. c4 e6 3. Nc3 Nf6 4. Bg5 Be7 5. e3 0-0 6. Nf3 Nbd7 7. Qc2 c5 8. 0-0-0 Qa5 9. Kb1 cxd4 10. Rxd4 Bb4 11. cxd5 Bxc3 12. Qxc3 Qxc3 13. bxc3 e5 14. Bxf6 exd4 15. Bxd4 b6 16. Ne5 Nxe5 17. Bxe5 Bb7 18. c4 Rfd8 19. Bd4 Rac8 20. Be2 b5 21. e4 bxc4 22. Bxa7 Re8 23. Bf3 f5 24. exf5 Ra8 25. Be3 Re5 26. Rd1 Rxf5 27. Bg4 Re5 28. Kb2 Rd8 29. Bd4 Rg5 30. Be6+ Kh8 31. Bb6 Rd6 32. Bc7 Bxd5 33. Bxd6 Bxe6 34. Bg3 Rb5+ 35. Kc3 Kg8 36. Re1 Kf7 37. Ra1 Bd5 38. f3 Be6 39. a4 Rb3+ 40. Kd4 Rb2 41. a5 Rxg2 42. Bf4 g5 43. Be3 Rxh2 44. a6 Bc8 45. Bxg5 Rh3 46. Ke3 Kg6 47. Be7 c3 48. Bb4 Bg4 49. Rf1 c2 50. Bd2 Bc8 51. Ra1 Bg4 52. Rf1 Bc8 53. Ra1 Bg4 1/2-1/2

[Event "SEMI Orthodox Defence theme email"]
[Site "SEMI email"]
[Date "2000.02.20"]
[Round "?"]
[White "Rebaudo, Nino"]
[Black "Guidi, Marco"]
[Result "1-0"]
[WhiteElo "1853"]
[BlackElo "1000"]
[PlyCount "155"]
[EventDate "2000.02.20"]
[EventType "tourn (corr)"]
[EventRounds "9"]
[EventCountry "ITA"]
[SourceTitle "Corr 2008"]
[Source "ChessBase"]
[SourceDate "2008.06.24"]
[SourceVersion "1"]
[SourceVersionDate "2008.06.24"]
[SourceQuality "1"]

1. d4 d5 2. c4 e6 3. Nc3 Nf6 4. Bg5 Be7 5. e3 0-0 6. Nf3 Nbd7 7. cxd5 exd5 8. Bd3 h6 9. Bh4 c6 10. 0-0 Re8 11. a3 a6 12. Qc2 Qc7 13. b4 Bd6 14. Rfc1 g5 15. Bg3 Bxg3 16. hxg3 Qd6 17. Na4 Ng4 18. Rab1 Ndf6 19. Nb6 Rb8 20. Nxc8 Rbxc8 21. Bf5 Rc7 22. a4 Kh8 23. b5 Ra8 24. bxc6 Rxc6 25. Qb2 Rxc1+ 26. Rxc1 Qe7 27. Qb3 Kg7 28. Rb1 Rb8 29. Bxg4 Nxg4 30. Qxd5 Nf6 31. Qc4 Ne4 32. Rb6 Rd8 33. Ne5 Rd6 34. Rb2 Rd8 35. Qb4 Nd6 36. Nc4 Qc7 37. Nxd6 Rxd6 38. Qxb7 Qc1+ 39. Kh2 Qd1 40. Rb1 Qxa4 41. Qc8 Qc6 42. Qxc6 Rxc6 43. g4 Rc2 44. Kg3 Ra2 45. d5 a5 46. Rd1 Kf8 47. Rh1 Kg7 48. Kf3 a4 49. d6 Rd2 50. Ra1 Rxd6 51. Rxa4 Rd2 52. Ra6 f6 53. Ra7+ Kg6 54. Rc7 Rd6 55. Kg3 Rd3 56. Kh3 Rd2 57. f4 gxf4 58. exf4 h5 59. f5+ Kh6 60. gxh5 Kg5 61. Rg7+ Kxf5 62. h6 Rd1 63. h7 Rh1+ 64. Kg3 Ke5 65. Kg4 Rh2 66. Ra7 f5+ 67. Kg5 Rxg2+ 68. Kh6 Rh2+ 69. Kg6 f4 70. Ra5+ Ke4 71. Rh5 Rg2+ 72. Kh6 Kf3 73. h8Q Kg3 74. Qc3+ Kf2 75. Ra5 f3 76. Qd4+ Kg3 77. Rg5+ Kh2 78. Rh5+ 1-0

[Event "SEMI Orthodox Defence theme email"]
[Site "SEMI email"]
[Date "2000.??.??"]
[Round "?"]
[White "Guidi, Marco"]
[Black "Fuertes, Cesar Edgardo"]
[Result "1/2-1/2"]
[WhiteElo "1000"]
[BlackElo "2208"]
[PlyCount "44"]
[EventDate "2000.02.20"]
[EventType "tourn (corr)"]
[EventRounds "9"]
[EventCountry "ITA"]
[SourceTitle "Corr 2008"]
[Source "ChessBase"]
[SourceDate "2008.06.24"]
[SourceVersion "1"]
[SourceVersionDate "2008.06.24"]
[SourceQuality "1"]

1. d4 d5 2. c4 e6 3. Nc3 Nf6 4. Bg5 Be7 5. e3 0-0 6. Nf3 Nbd7 7. Rc1 c6 8. Bd3 dxc4 9. Bxc4 Nd5 10. Bxe7 Qxe7 11. Ne4 e5 12. dxe5 Nxe5 13. Nxe5 Qxe5 14. Bxd5 cxd5 15. Nc3 Rd8 16. Qd4 Qxd4 17. exd4 Bf5 18. 0-0 Rac8 19. Rfe1 Rc7 20. Re5 Be6 21. f4 g6 22. Rd1 Kg7 1/2-1/2